| 000 | 00889nam a22002537a 4500 | ||
|---|---|---|---|
| 005 | 20180110102330.0 | ||
| 008 | 100519t xxu||||| |||| 00| 0 eng d | ||
| 010 | _a1718EN-30 | ||
| 020 |
_a9788120340077 _c740.00 |
||
| 035 | _aB-681448-460 | ||
| 037 |
_bAsian _adpl |
||
| 040 |
_aDPL _bEng |
||
| 082 | _a005.1 | ||
| 245 |
_aIntroduction to algorithms / _cby Thomas H. Cormen...[et al] |
||
| 250 | _a3rd ed | ||
| 260 |
_aNew Delhi _bPHI Learning _c2016 |
||
| 270 |
_aM-97,Connaught Circus _bNew Delhi _e110001 |
||
| 300 |
_axix,1312p. _c23cm(pbk) |
||
| 500 | _aIncludes index | ||
| 650 |
_aComputer programming _917316 |
||
| 650 |
_aComputer algorithms _917317 |
||
| 942 |
_2ddc _cEN _mINT _h005.1 |
||
| 999 |
_c146199 _d146199 |
||